Sedi del Campionato mondiale di Formula 1 2003 - Statistics

Statistiche generali
  • Questo quiz è stato fatto 3 volte
  • Il punteggio medio è 7 su 16
Statistiche sulle risposte
Data Sede % Corretto
1º giugno Monaco
100%
20 aprile Imola
67%
9 marzo Melbourne
67%
14 settembre Monza
67%
23 marzo Sepang
67%
20 luglio Silverstone
67%
12 ottobre Suzuka
67%
3 agosto Hockenheim
33%
6 luglio Magny-Cours
33%
4 maggio Montmeló
33%
15 giugno Montréal
33%
29 giugno Nürburg
33%
6 aprile San Paolo
33%
24 agosto Mogyoród
0%
28 settembre Speedway
0%
18 maggio Spielberg
0%
Nessun quiz corrispondente trovato
Distribuzione punteggi
Percentuale di utenti per punteggio
Percentile per numero di risposta
I tuoi punteggi nel tempo
Non hai fatto questo quiz